Use of natural rubber latex concentrate in carpet-backing applications (Record no. 71867)

MARC details
000 -LEADER
fixed length control field 00413nam a2200121Ia 4500
100 ## - MAIN ENTRY--AUTHOR NAME
Personal name Gorton A D T
245 #0 - TITLE STATEMENT
Title Use of natural rubber latex concentrate in carpet-backing applications
260 ## - PUBLICATION, DISTRIBUTION, ETC. (IMPRINT)
Name of publisher Proceedings of the International Rubber Conference, Kuala Lumpur. V.5, 1975; p135-160
650 ## - SUBJECT ADDED ENTRY--TOPICAL TERM
Topical Term Carpet-backing
650 ## - SUBJECT ADDED ENTRY--TOPICAL TERM
Topical Term NR latex concentrate
942 ## - ADDED ENTRY ELEMENTS (KOHA)
Koha item type Journals
Holdings
Withdrawn status Lost status Damaged status Not for loan Home library Current library Shelving location Date acquired Koha item type
      Journals RRII Library RRII Library Rubber chemistry 17/12/2021 Journals